| 000 | 00580nam a2200181Ia 4500 | ||
|---|---|---|---|
| 003 | IN-BaIIA | ||
| 008 | 211028s9999 xx 000 0 eng d | ||
| 040 | _cIIA Library | ||
| 080 |
_a[8]:01:00 _bGOP |
||
| 100 |
_aGopalakrishnan, K. V _926794 |
||
| 245 | 0 |
_aSome eminent Indian scientists and technologists _cK. V. Gopalakrishnan |
|
| 260 |
_aNew Delhi _bNational Council of Education Research and Training _c2001 |
||
| 300 | _axii, 118p. | ||
| 650 |
_aIndian scientists _926795 |
||
| 650 |
_aIndian technologists _926796 |
||
| 650 |
_aScientific revolution _926797 |
||
| 942 | _cBK | ||
| 999 |
_c14863 _d14863 |
||